[Event "Linares"]
[Site "Linares"]
[Date "1994.??.??"]
[Round "?"]
[White "Bareev, Evgeny"]
[Black "Gelfand, Boris"]
[Result "0-1"]
[WhiteElo "2685"]
[BlackElo "2685"]
[Annotator "Gelfand,B"]
[PlyCount "82"]
[EventDate "1994.??.??"]

{60/545} 1. d4 1... Nf6 2. c4 g6 3. Nc3 Bg7 4. e4 d6 5. h3 O-O 6. Bg5 Na6 (6...
c5 {- 60/(545)}) 7. Bd3 e5 8. d5 c6 9. Nge2 {N} (9. Qd2) 9... Nc5 10. Bc2 a5
11. Qd2 (11. a3 {- 60/(545)}) (11. O-O cxd5 12. cxd5 (12. Nxd5 12... Ne6 $1 13.
Nxf6+ Bxf6 14. Bxf6 Qxf6 15. Qxd6 Ra6 16. Qa3 16... Nf4 $1 17. Nxf4 17... exf4
{f3}) 12... Bd7 (12... h6 13. Be3 Nh5 14. Qd2 Kh7 (14... g5 15. Ng3 $1 15...
Nf4 16. Nf5 $16) 15. g4 Nf4 (15... Qh4 16. gxh5 Bxh3 17. f3 $1 $16) 16. Nxf4
exf4 17. Bxf4 $16) 13. a3 a4 (13... h6 14. Be3 b5 15. b4 axb4 16. axb4 Na4 (
16... Na6 17. Rb1 $16) 17. Qd2 Kh7 18. Bd3 Qb8 19. g4 $16) 14. g4 Qb6 15. Kg2 {
Be3, f3, Ng3, h4-h5, Nc1-d3 Mikhalevski,A}) 11... cxd5 12. exd5 $5 (12. cxd5
12... Bd7 {b5}) (12. Nxd5 12... Ncxe4 $1 13. Bxe4 Nxe4 14. Bxd8 Nxd2 15. Be7
Nxc4 16. Bxf8 16... Kxf8 $44) 12... Bd7 13. O-O Qb6 14. Ng3 $6 (14. Rab1 Qa6
15. b3 b5 16. cxb5 Bxb5 17. Nxb5 17... Qxb5 $15) (14. Be3 Qa6 (14... Nh5 $6 15.
Ba4 $1) (14... Rac8 15. a3 $1) 15. b3 (15. Bxc5 dxc5 16. b3 Ne8) 15... Rfc8 $13
{b5}) (14. Kh1 $5 {15. f4 e4 16. f5} 14... Rae8 $1 15. Be3 $5 (15. f4 e4 16. f5
Bxf5 17. Rxf5 (17. Nd4 17... e3 $1) 17... gxf5 18. Nd4 18... e3 $1 19. Bxe3
Nfe4 20. Bxe4 Nxe4 21. Nxe4 Rxe4 22. Nxf5 22... Qxb2 $17) 15... Qa6 16. b3 b5
17. Bxc5 dxc5 18. cxb5 Bxb5 19. Nxb5 19... Qxb5 $11) 14... Rfc8 (14... Qxb2 $2
15. Rfb1 Qa3 16. Qe1 $18) (14... Ne8 $5 15. Be7 f5 16. Bxf8 16... Kxf8 $44) 15.
Be3 Qa6 16. Qe2 (16. b3 16... Ne8 $5 (16... b5 $5) 17. a3 17... a4 $1) 16...
Ne8 17. f4 f5 18. Nb5 (18. fxe5 18... dxe5 $1 (18... Bxe5 19. Nxf5 gxf5 20.
Bxf5 Bxf5 21. Rxf5 Ng7 22. Qg4 $40) 19. Nxf5 gxf5 20. Bxf5 Bxf5 21. Rxf5 21...
Nd6 $1 22. Rg5 22... Nde4 $17) 18... Nc7 $6 (18... a4 19. fxe5 dxe5 (19... Bxe5
20. Nxf5 gxf5 21. Bxf5 Bxf5 22. Rxf5 Ng7 23. Qg4 $40) 20. Nxf5 gxf5 21. Rxf5 $5
$13) (18... exf4 19. Bxf4 (19. Rxf4 $5 19... Be5 20. Nd4) 19... Qb6 20. Kh2
Bxb5 21. cxb5 Nf6 22. Bxf5 $5 22... gxf5 23. Nxf5 $44) (18... Bxb5 19. cxb5 Qb6
20. Bxf5 (20. Nxf5 $5 20... gxf5 21. Bxf5 Rc7 22. Be6+ Kh8 23. Rac1 $44) 20...
gxf5 21. Nxf5 $44) (18... e4 $1 19. Nd4 19... Nd3 $1 20. b3 (20. Bxd3 exd3 21.
Qxd3 21... Qxc4 $15) 20... b5 $5 (20... Nb4 $5 $15 {
21... Nd5 22. cd5 Bd4, 21... a4})) 19. a4 Nxb5 20. axb5 Qb6 21. fxe5 21... Bxe5
$6 (21... dxe5 $5 22. Bxf5 gxf5 23. Nxf5 Bxf5 24. Rxf5 24... Rf8 $1 (24... Qg6
25. Rg5 $1 25... Qd3 26. Qf3 $44) 25. Rg5 Qd6 26. b4 26... Nb3 $15) 22. Bxf5 $1
22... gxf5 23. Nxf5 Bxf5 (23... Rf8 24. Nh6+ Kg7 25. Qh5 $18) 24. Rxf5 Rf8 25.
Raf1 (25. Qg4+ Kh8 26. Raf1 Rxf5 27. Rxf5 Rg8 28. Qh5 28... Bg7 $1 29. Rf7
29... Qd8 $15 {30... Rf8, 30... Qe8}) 25... Bg7 $1 (25... Qc7 26. Bh6 $1 (26.
b6 $6 26... Qe7 27. Bxc5 27... Rxf5 $1 28. Rxf5 Bd4+) 26... Rxf5 27. Rxf5 Kh8
28. Qf3 (28. Qh5 $2 28... Ne4 $1) 28... Rg8 29. Rf7 Qc8 30. Bf8 $1 {
31. Rh7! Kh7 32. Qh5#}) 26. Rg5 $2 (26. Qg4 Rxf5 27. Rxf5 Qc7 28. Bd4 Kh8 (
28... Rf8 $2 29. Bxg7 $18) 29. Rg5 $1 29... Rg8 30. Bf6 $1 30... Qf7 31. Rxg7
Rxg7 32. Qc8+ Qg8 33. Bxg7+ Kxg7 34. Qc7+ Qf7 35. Qxd6 $11) 26... Rxf1+ 27.
Qxf1 Rf8 28. Rxg7+ (28. Qa1 Qc7 29. Bd4 (29. b4 Ne4) 29... Rf7 (29... Nb3 $2
30. Bxg7 $1 $18) 30. b4 30... Nb3 $19) (28. Qe2 Qd8 29. Rxg7+ Kxg7 30. Qg4+ Kh8
31. Bd4+ Rf6 32. Qf4 Kg7 33. Qg5+ Kf7 34. Qh5+ 34... Kf8 $19) 28... Kxg7 29.
Bh6+ $6 (29. Bd4+ Kg8 30. Qe2 Qd8 31. Qg4+ Kf7 32. Qh5+ Ke7 33. Qxh7+ 33... Ke8
$1 (33... Rf7 $2 34. Bf6+ $1 $18) 34. b4 (34. Bxc5 dxc5 35. Qxb7 35... Qe7 $19)
34... axb4 35. Qg6+ Kd7 36. Bxc5 dxc5 37. Qe6+ Kc7 38. b6+ Kb8 39. Qe5+ 39...
Kc8 $19) 29... Kxh6 30. Qxf8+ 30... Kg6 $19 31. Qg8+ Kf6 32. Qxh7 32... Ke5 $1
33. Kh2 Qd8 34. Qh5+ Kd4 35. Qg4+ Ne4 36. b3 Qf6 37. Qd1+ Kc5 38. Qe1 Qf4+ 39.
g3 Qf3 40. Qg1+ Nf2 41. Qc1 Qxb3 0-1

[Event "Linares"]
[Site "Linares"]
[Date "1994.??.??"]
[Round "?"]
[White "Bareev, Evgeny"]
[Black "Illescas, Cordoba Miguel"]
[Result "1-0"]
[WhiteElo "2685"]
[BlackElo "2590"]
[Annotator "Bareev,E"]
[PlyCount "81"]
[EventDate "1994.??.??"]

{60/429} 1. d4 1... d5 2. c4 c6 3. Nc3 Nf6 4. Nf3 e6 5. e3 Nbd7 6. Bd3 dxc4 7.
Bxc4 b5 8. Bd3 Bb7 9. e4 b4 10. Na4 c5 11. e5 Nd5 12. Nxc5 Bxc5 13. dxc5 Nxc5
14. Bb5+ Kf8 15. O-O h6 16. Qd4 Rc8 (16... Qb6 $13) 17. Bd2 Qb6 18. Be2 g6 (
18... Ba6 $1) 19. Rac1 (19. Rfc1 $5) 19... Kg7 (19... a5 $5) 20. Qh4 20... Qd8
$6 {N} (20... Ba6 21. Bc4 $1 (21. Bxa6 Qxa6 22. Be3 {- 45/(508)} (22. Rc4 22...
Nd3 $15)) 21... Qd8 (21... Bxc4 22. Rxc4 $16) 22. Qd4 $13) (20... g5) 21. Qg4
$1 (21. Bxh6+ Rxh6 22. Qxd8 Rxd8 23. Rxc5 23... Nf4 $44) 21... a5 (21... Ba6
22. Bxa6 Nxa6 23. Rxc8 Qxc8 24. Rc1 $14) 22. h4 (22. Rfd1 $5 $14) 22... h5 (
22... Nd7 23. h5 $16) (22... Ne7 23. Rfd1 $16) 23. Qd4 23... Ne7 $6 (23... Nb6
24. Bg5 Qxd4 25. Bf6+ Kh7 26. Nxd4 26... Rhg8 $14) 24. Bg5 Bxf3 (24... Qxd4 25.
Bf6+ Kh7 26. Nxd4 $16 {Nb5-d6}) 25. Bf6+ $1 25... Kh7 26. Qxd8 Rhxd8 27. Bxf3
$16 27... Rd7 28. Rfd1 Nd5 29. Bg5 $1 (29. Bxd5 exd5 30. Rc2 30... Rcc7 $11)
29... Rcc7 30. Kf1 $5 (30. Rc2 $1) 30... Na4 (30... Kg8 $16) 31. Rxc7 Rxc7 32.
Bxd5 exd5 33. Rxd5 Nxb2 34. Rxa5 Nd3 (34... Rc8 $1 $16) 35. Ra8 $18 35... Rc2
36. f4 Rb2 37. Rd8 $1 37... b3 38. axb3 Rxb3 39. Ke2 Nc5 40. Bf6 Rb2+ 41. Kd1
1-0

[Event "Linares"]
[Site "Linares"]
[Date "1994.??.??"]
[Round "?"]
[White "Bareev, Evgeny"]
[Black "Ivanchuk, Vassily"]
[Result "1-0"]
[WhiteElo "2685"]
[BlackElo "2710"]
[Annotator "Bareev,E"]
[PlyCount "93"]
[EventDate "1994.??.??"]

{60/383} 1. d4 1... d5 2. c4 dxc4 3. Nf3 a6 4. e3 e6 5. Bxc4 c5 6. a4 Nf6 7.
O-O Nc6 8. Qe2 cxd4 9. Rd1 Be7 10. exd4 O-O 11. Nc3 Nb4 12. Bg5 Bd7 (12... b6
13. Bxf6 Bxf6 14. d5) 13. Ne5 Rc8 14. Re1 $5 {N} (14. Rac1 $5) (14. Bb3) 14...
Be8 (14... Bc6 15. Nxf7 Kxf7 (15... Rxf7 16. Qxe6 Bd5 17. Nxd5 Nbxd5 18. Bxf6
Rxc4 19. Bxe7 $18) 16. Bxe6+ Kg6 17. Bxf6 $40) 15. Rad1 Nfd5 16. Nxd5 (16. Bxd5
Nxd5 17. Nxd5 Bxg5 18. Nc3 Bf6 (18... Bc6 19. Nxc6 Rxc6 20. d5 exd5 21. Rxd5
Rd6 22. Red1 Rxd5 23. Rxd5 Qe7 24. Qxe7 24... Bxe7 $16) 19. d5 exd5 20. Rxd5 (
20. Nxd5 Bxa4 21. Rd4 21... Re8 $1 (21... Bxe5 22. Qxe5 22... Re8 $19)) 20...
Qc7 $11) 16... Nxd5 $5 (16... exd5 17. Bxe7 Qxe7 18. Bb3 $11) 17. Bxd5 Bxg5 18.
Bxb7 Bxa4 19. Bxc8 Bxd1 20. Qxa6 20... Qxc8 $1 (20... Qxd4 $2 21. Bxe6 $1 $16)
(20... Bb3 $5 $14) 21. Qxc8 Rxc8 22. Rxd1 Rb8 23. Rb1 23... Rb3 $2 (23... Rb4
24. Nf3 (24. Ra1 h5 25. Ra8+ Kh7 26. Nxf7 26... Bf6 $11) 24... Bf6 25. Kf1
25... g5 $1 (25... Kf8 26. Ke2 Bxd4 27. Nxd4 Rxd4 28. b4 Ke7 29. b5 Kd7 30. b6
Kc8 31. Rc1+ Kb8 32. Rc7 $16) 26. h3 h5 27. g4 hxg4 28. hxg4 Kf8 29. Ke2 29...
Bxd4 $11) 24. Kf1 $16 24... h5 25. Ke2 25... h4 $2 {h4} 26. h3 $18 26... Kf8
27. Nf3 Bf6 28. Kd2 Ke7 29. Kc2 Rb4 30. Kc3 Ra4 31. b4 Ra2 32. Rb2 Ra3+ 33. Kc4
Kd6 34. Ne5 Ra7 35. b5 Bd8 (35... Rc7+ 36. Nc6) 36. Nc6 Ra4+ 37. Kb3 Ra8 38.
Nxd8 Rxd8 39. Rc2 Ra8 40. Kb4 Ra1 41. b6 g5 42. Kb5 Rb1+ 43. Ka6 Ra1+ 44. Kb7
f5 45. Rc6+ Kd7 (45... Kd5 46. Kc7) 46. Rc7+ Kd6 47. Kb8 1-0

[Event "Linares"]
[Site "Linares"]
[Date "1994.??.??"]
[Round "?"]
[White "Bareev, Evgeny"]
[Black "Kasparov, Garry"]
[Result "0-1"]
[WhiteElo "2685"]
[BlackElo "2805"]
[Annotator "Kasparov,G"]
[PlyCount "62"]
[EventDate "1994.??.??"]

{60/74} 1. d4 1... Nf6 2. c4 c5 3. d5 b5 4. cxb5 a6 5. bxa6 g6 6. Nf3 Bxa6 7.
Nc3 d6 8. Nd2 $5 8... Bg7 9. e4 Bxf1 10. Nxf1 10... Qa5 $1 11. Bd2 O-O 12. Ne3
Nbd7 (12... Qa6 13. Qe2 $14) 13. O-O Qa6 14. Qc2 14... Ne5 {N} (14... c4 {
- 15/114}) 15. b3 (15. a4 $5 15... Qd3 $5 (15... c4 $6 16. Nb5 $14) 16. b3 Rfb8
17. Rfb1 Qxc2 (17... Rb4 $6 18. Qxd3 Nxd3 19. f3 $14) 18. Nxc2 Nd3 19. f3 Nd7
20. Kf1 f5 21. Ke2 (21. exf5 $6 21... gxf5 22. Ke2 Bxc3 23. Bxc3 23... Nf4+ $17
) 21... fxe4 22. fxe4 Nf4+ 23. Bxf4 Bxc3 24. Ra3 $1 (24. Ra2 24... c4 $1 25. b4
25... Nc5 $1 $40) 24... Bg7 $44) 15... Nfd7 $5 (15... Rfb8 $5 16. f4 Nd3 17.
Nc4 Nb4 18. Qd1 (18. Qb1 $6 18... Ng4 19. h3 (19. e5 dxe5 20. h3 Nf6 21. fxe5
Nfxd5 22. Qe4 22... Qe6 $15) 19... Bd4+ 20. Kh1 Nf2+ 21. Kh2 21... Nbd3 $40)
18... Nxe4 19. Nxe4 Bxa1 20. Qxa1 Qxa2 21. Qxa2 Rxa2 22. Bxb4 Rxb4 23. Rf3 $14
(23. Ned2 $11)) 16. f4 (16. a4 Nd3 (16... Qd3 $132) 17. Nc4 Nb4 18. Qd1 Ne5 19.
Nxe5 19... Bxe5 $132) 16... Nd3 17. a3 {Nc4} 17... Bd4 $1 18. Kh1 Rfc8 19. Rab1
(19. Rad1 $6 19... Nb4 $1 20. Qb1 (20. axb4 20... cxb4 $17) 20... Qxa3 21. Nb5
21... Qa2 $17) (19. h3 $5 $13) 19... c4 $1 $36 (19... Nb4 $6 20. Qd1 $1 20...
Qxa3 21. f5 $14 (21. Nb5 $14)) 20. b4 (20. Nxc4 Nf2+ 21. Rxf2 Bxf2 22. a4 22...
Rxc4 $1 (22... Nb6 $2 23. Na3 $1 $16) 23. bxc4 23... Qxc4 $15) (20. bxc4 Bxe3
21. Qxd3 (21. Bxe3 Qxc4 22. Rb3 N7c5 23. Bxc5 Nxc5 24. Rb4 Qd3 25. Qxd3 Nxd3
26. Rb3 Nc5 27. Rb4 27... Rxa3 $36) 21... Bxd2 22. Qxd2 Qxc4 23. Rfc1 (23. Rf3
$2 23... Rxa3 $17) 23... Nc5 $36 24. Rb4 24... Qd3 $17) 20... Nf6 21. Ned1 (21.
a4 Bxc3 22. Bxc3 Nxe4 (22... Qxa4 23. Bxf6 $13) 23. a5 23... Qb5 $15 (23... Qa7
24. Rf3 $13)) 21... Rcb8 $6 (21... Qxa3 $2 22. Nb5) (21... Qb6 $5 22. a4 Bxc3
23. Bxc3 23... Nxe4 $40) (21... Qb7 $5 22. a4 22... e6 $15) (21... Rab8 $5 22.
Qa2 22... Qa7 $15) 22. Ne3 $1 (22. Be3 $2 22... Qb6 23. Na4 23... Rxa4 $1 24.
Bxd4 Qxd4 25. Qxa4 Nxe4 26. Qc2 26... Rb5 $1 $17) 22... Rc8 $5 (22... Bxc3 23.
Bxc3 Nxe4 24. Bd4 $13) 23. b5 $6 (23. Ned1 $1 $15) 23... Qb6 24. Nxc4 24...
Nf2+ $1 $17 25. Rxf2 Rxc4 26. Rf3 $8 26... Rxa3 $2 (26... Bxc3 $1 27. Bxc3 (27.
Rxc3 $4 27... Nxe4 28. Rxc4 Nf2+ 29. Kg1 29... Nh3+ $19) 27... Nxe4 28. Rb3 (
28. Ba5 $2 28... Qc5 $1 $19) (28. Qd3 $2 28... Nxc3 $1 29. Qxc4 Nxb1 30. Qc6
Qxc6 31. dxc6 Nxa3 32. b6 32... Nc4 $19) (28. Re1 28... f5 $17) 28... Rac8 29.
h3 Qc5 30. b6 30... Qxd5 $1 31. b7 (31. a4 Rxa4 32. b7 Rb8 33. Bb2 33... Rc4
$19) 31... Rb8 $17) 27. Qb2 $1 27... Nxe4 $2 (27... Ra8 $15) 28. Qxa3 Nxd2 29.
Qa2 $1 29... Be3 $2 (29... Bxc3 $1 30. Rxc3 Rxc3 31. Qxd2 $14) 30. Rc1 $4 (30.
Nd1 $1 30... Qc5 $1 (30... Nxb1 $2 31. Qxc4) (30... Rxf4 $2 31. Rxf4 Bxf4 32.
Rb4 $16) (30... Bxf4 $6 31. Rd3 $1 31... Bxh2 $5 (31... Re4 32. Nc3 Qf2 33.
Qxd2 $3 33... Bxd2 34. Nxe4 Qe2 35. Nxd2 $1 35... Qxd3 36. b6 $1 $18) 32. Ne3
$1 (32. Kxh2 $2 32... Nf1+ 33. Kh1 Rh4+ 34. Rh3 Ng3+ 35. Kh2 35... Nf1+ $11)
32... Rh4 33. Qxd2 Be5+ 34. Kg1 f5 35. Qc1 $1 35... Bd4 36. Rxd4 Qxd4 (36...
Rxd4 37. Qc6 Rd1+ 38. Kf2 $1 $18) 37. b6 Re4 38. Rb3 f4 39. b7 fxe3 40. b8=Q+
Kg7 41. Qb6 $18 (41. Qb2 $4 41... Qxb2 42. Rxb2 e2 43. Rxe2 43... Rxe2 $11))
31. b6 $5 (31. Nxe3 $2 31... Rc1+ 32. Nf1 (32. Rxc1 Qxc1+ 33. Nf1 Nxf3) 32...
Nxb1) (31. Rxe3 $5 31... Nxb1 32. Qxb1 Rc1 33. Qd3 Rxd1+ 34. Qxd1 Qxe3 35. Qb1
(35. Qa1 f5 36. h3) 35... Qb6 36. g3 (36. h3 h5 37. Qb4 37... h4 $11) 36... Qf2
37. Qd3 (37. b6 Qf3+ 38. Kg1 Qe3+ 39. Kf1 39... Qf3+ $11) 37... h5 $11) 31...
Nxb1 32. b7 Rb4 (32... Qb4 33. Qxc4 $1 $18) 33. Qa8+ Kg7 34. b8=Q Rxb8 35. Qxb8
Qc1 36. Qb2+ Qxb2 37. Nxb2 37... Bc5 $1 $14 {a3!} (37... Bd4 $6 38. Na4 $1 $16)
) 30... Qd4 $1 $19 31. b6 Rxc3 0-1

[Event "Linares"]
[Site "Linares"]
[Date "1994.??.??"]
[Round "?"]
[White "Bareev, Evgeny"]
[Black "Kramnik, Vladimir"]
[Result "1/2-1/2"]
[WhiteElo "2685"]
[BlackElo "2710"]
[Annotator "Bareev,E"]
[PlyCount "92"]
[EventDate "1994.??.??"]

{60/427} 1. d4 1... d5 2. c4 c6 3. Nc3 Nf6 4. e3 e6 5. Nf3 Nbd7 6. Bd3 dxc4 7.
Bxc4 b5 8. Bd3 (8. Be2 {- 60/(427)}) 8... Bb7 9. a3 b4 10. Ne4 Nxe4 11. Bxe4
Qc7 12. axb4 Bxb4+ 13. Bd2 Bxd2+ 14. Nxd2 c5 15. Qc2 Qb6 16. dxc5 Qxc5 17. Qxc5
{N} (17. Qa4 {- 58/483}) 17... Nxc5 18. Bxb7 Nxb7 19. Ke2 $14 19... Nd6 (19...
Ke7 20. Rhc1 Rhd8 21. Ra6 $16) (19... a5 20. Rhc1 O-O 21. Rc7 $14) (19... Kd7
20. Ra3 a5 21. Nc4 $14) 20. Ra5 O-O 21. Rc1 Rab8 22. Rc6 Nb5 23. Ne4 Rfd8 24.
b4 (24. f4 $1) 24... Rb7 25. f4 h6 (25... Kf8) 26. g4 Kf8 (26... f5 27. Nc5
Nc3+ 28. Kf3 Rxb4 29. Nxe6 fxg4+ 30. Kxg4 $18) 27. h4 Ke7 28. f5 exf5 29. gxf5
29... Kf8 $6 (29... Rd5 30. Rc5 Rxc5 31. bxc5 Nc7 32. c6 Rb2+ 33. Kf3 a6 (33...
Rb5 34. Rxa7 Rxf5+ 35. Kg4 $18) (33... Nb5 34. Rxb5 Rxb5 35. c7 Rxf5+ 36. Ke2
Kd7 37. c8=Q+ Kxc8 38. Nd6+ $18) 34. Re5+ 34... Kf8 $11) 30. Kf3 Ke7 31. h5
31... Rdb8 {Rb6} (31... Rb6 $2 32. Rxa7+ $18) (31... Rd5 32. Rc5 Rxc5 33. bxc5
$16) 32. Ra1 Rb6 33. Rc5 Rd8 34. Rac1 (34. f6+ gxf6 35. Ng3 Nd6 (35... Kf8 36.
Nf5 a6 (36... Nd6 37. Rd1 $18) 37. Nxh6 Kg7 38. Nf5+ Kh7 39. Rg1 Rg8 40. Rxg8
Kxg8 41. Rc8+ Kh7 42. Rd8 $16) 36. Rxa7+ Rd7 37. Rxd7+ Kxd7 38. Rd5 Rxb4 39.
Nf5 39... Ke6 $11) (34. Kf4 34... a6 {Nd6=}) (34. Rg1 Kf8 35. Rgc1 Nd6 36. Rd5
Nb7 37. Rxd8+ 37... Nxd8 $11) 34... Nd6 35. Re5+ (35. Rc7+ 35... Rd7 $11) 35...
Kf8 36. Rd5 (36. Rd1 Re8 (36... Nb7 37. Rxd8+ Nxd8 38. Nc5 Rd6 39. b5 f6 40.
Ne4 Rb6 41. Rc5 Nf7 42. Rc8+ Ke7 43. Rc7+ Kf8 44. Rxa7 Ne5+ 45. Ke2 45... Rxb5
$11) 37. Rxe8+ Nxe8 38. Rd4 38... Nf6 $11) 36... Nb7 37. Rxd8+ Nxd8 38. Rc8 Ke8
39. Rc7 (39. b5 a6 40. bxa6 40... Rxa6 $11) 39... a6 (39... Rxb4 40. Nd6+ Kf8
41. Rd7 Rb8 42. Rxa7 42... f6 $11) 40. Ra7 Rxb4 41. Rxa6 (41. f6 gxf6 42. Nxf6+
Kf8 43. Ra8 Ra4 44. Rxd8+ 44... Ke7 $11) 41... f6 $11 42. Ra8 Ke7 43. Nc3 Kd7
44. Nd5 Rb5 45. e4 Rb7 46. Nf4 Nf7 1/2-1/2

[Event "Linares"]
[Site "Linares"]
[Date "1994.??.??"]
[Round "?"]
[White "Bareev, Evgeny"]
[Black "Shirov, Alexey"]
[Result "1-0"]
[WhiteElo "2685"]
[BlackElo "2715"]
[Annotator "Bareev,E"]
[PlyCount "79"]
[EventDate "1994.??.??"]

{60/430} 1. d4 1... d5 2. c4 c6 3. Nf3 Nf6 4. Nc3 e6 5. e3 Nbd7 6. Bd3 dxc4 7.
Bxc4 b5 8. Bd3 Bb7 9. e4 b4 10. Na4 c5 11. e5 Nd5 12. dxc5 Nxc5 13. Nxc5 Bxc5
14. O-O h6 15. Nd2 O-O 16. Ne4 Bd4 17. Nd6 17... Bxe5 $6 {N} (17... Bc6 {
- 58/487}) 18. Nxb7 Qb6 (18... Qc7 $5) 19. Qh5 $1 (19. Qe2 Bf6 20. Qe4 20...
Rfc8 $17) 19... Bf4 (19... Bf6 20. Bxh6 Rfc8 21. Be3 Qxb7 (21... Nxe3 22. Qh7+
Kf8 23. fxe3 Qxb7 24. Be4 $16) 22. Qh7+ Kf8 23. Be4 $16) 20. Nc5 $1 (20. Na5
Bxc1 21. Nc4 Qd4 22. Rd1 Bxb2 23. Bh7+ Kxh7 24. Rxd4 24... Bxd4 $19) 20... Qxc5
21. Bxf4 Qd4 22. Bd6 Qxd3 23. Bxf8 Rxf8 24. Qe5 $16 24... Rc8 25. Rfc1 (25.
Rac1 Rc4 26. Rxc4 $142 (26. Rfd1 Nf4)) 25... Rd8 (25... Rc4 26. Qb8+ Kh7 27.
Rxc4 Qxc4 28. Qxa7 $18) 26. h3 $1 26... Kh7 27. Re1 $1 (27. Rd1 Qc4 28. Rd4
28... Qc2 $14) (27. a3 bxa3 28. Rxa3 28... Qd2 $14) 27... Qc4 28. Rac1 $1 28...
Qxa2 29. Ra1 29... Qb3 $2 (29... Qc4 30. Rxa7 Kg8 31. Rea1 (31. Re4 Qc1+ 32.
Kh2 Qg5 33. Qxg5 hxg5 34. Re5 34... Rc8 $13) 31... Qc6 $16) 30. Rxa7 Kg8 31.
Qd4 $1 $18 31... Re8 32. Re2 $1 32... Rc8 (32... Nf6 33. Re3 Qc2 34. Qxb4 Nd5
35. Qb5) 33. Rxe6 Nc3 34. Rae7 (34. Re3 $5) 34... Qxb2 35. Re8+ Rxe8 36. Rxe8+
Kh7 37. Qd3+ g6 38. Qc4 Qb1+ (38... Qa2 39. Qxb4) 39. Kh2 Qf5 40. Qd4 1-0

[Event "Linares"]
[Site "Linares"]
[Date "1994.??.??"]
[Round "?"]
[White "Beliavsky, Alexander G"]
[Black "Gelfand, Boris"]
[Result "1/2-1/2"]
[WhiteElo "2650"]
[BlackElo "2685"]
[Annotator "Beliavsky,A"]
[PlyCount "85"]
[EventDate "1994.??.??"]

{60/261} 1. e4 1... c5 2. Nf3 d6 3. d4 cxd4 4. Nxd4 Nf6 5. Nc3 a6 6. Bg5 e6 7.
f4 Nbd7 (7... Qc7 {- 60/(261)}) 8. Bc4 Qb6 9. Bxf6 $5 {N} (9. Bb3 {- 16/466})
9... Nxf6 (9... Qxb2 10. Nxe6 fxe6 (10... Nxf6 11. Nc7+ Kd8 12. N7d5 $16) 11.
Rb1 Qa3 12. Bd4 $16) 10. Bb3 10... e5 $1 11. Nde2 exf4 12. Nxf4 (12. Rf1 12...
g5 $36) 12... Qe3+ 13. Nfe2 Be7 14. Qd4 Qxd4 15. Nxd4 g6 16. O-O O-O 17. Rad1
Ng4 18. h3 18... Ne3 $6 (18... Ne5 19. Nd5 19... Bd8 $11) 19. Nd5 Nxd5 20. Bxd5
Kg7 21. Rf3 Bf6 22. a4 Rb8 23. a5 Bd7 24. Rb3 Rfc8 25. Rxb7 Rxb7 26. Bxb7 Rb8
27. Bxa6 Rxb2 28. Bf1 Rb4 29. Nf3 Bc6 30. Bd3 (30. Rxd6 Bxe4 31. Bd3 Be7 32.
Rd7 Bxd3 33. cxd3 33... Kf6 $1 34. Rc7 Bd6 35. Rc6 35... Ke6 $44) 30... Bxe4
31. Bxe4 Rxe4 32. Rxd6 Rc4 33. a6 Rxc2 34. a7 Ra2 35. Rd7 35... h6 $1 36. Kf1
36... Bc3 $6 (36... Bg5 $11) 37. Rc7 Bf6 38. Rd7 Bg5 39. Nxg5 hxg5 40. Ke1 Kf6
41. Kd1 Ke6 42. Rb7 f5 43. Ke1 (43. Kc1 $2 43... Ke5 44. Kb1 Ra6 45. Kc2 45...
Kf4 $17) 1/2-1/2

[Event "Linares"]
[Site "Linares"]
[Date "1994.??.??"]
[Round "?"]
[White "Beliavsky, Alexander G"]
[Black "Illescas, Cordoba Miguel"]
[Result "0-1"]
[WhiteElo "2650"]
[BlackElo "2590"]
[Annotator "Illescas Cordoba,M"]
[PlyCount "60"]
[EventDate "1994.??.??"]

{60/419} 1. d4 1... d5 2. c4 c6 3. Nf3 Nf6 4. Nc3 e6 5. Bg5 dxc4 6. e4 b5 7. e5
h6 8. Bh4 g5 9. Nxg5 hxg5 10. Bxg5 Nbd7 11. exf6 Bb7 12. g3 c5 13. d5 13... Ne5
$5 14. Bg2 Nd3+ 15. Kf1 Qd7 16. dxe6 fxe6 17. b3 $5 {N} (17. Qe2) 17... O-O-O (
17... Qd4 $6 18. Qd2 Bxg2+ 19. Kxg2 b4 20. Nb5 Qd5+ 21. f3 $16) 18. bxc4 18...
Bh6 $1 (18... b4 19. Nd5 Nb2 20. Ne7+ Bxe7 21. Qxd7+ Rxd7 22. fxe7 $16) 19. Bh4
$8 (19. Bxh6 19... Rxh6 $17 20. Nxb5 Rxf6 (20... Bxg2+ $2 21. Kxg2 Nf4+ 22.
gxf4 Rg6+ 23. Kf3 Qb7+ 24. Ke3 $16) 21. Nxa7+ (21. f3 a6 22. Nc3 22... Qd4 $19)
21... Kb8 22. Bxb7 Rxf2+ 23. Kg1 23... Qxb7 $19) (19. f4 Bxg5 20. fxg5 Bxg2+
21. Kxg2 Qc6+ 22. Qf3 22... Nf4+ $1 $19) (19. Nxb5 19... Bxg2+ $1 (19... Bxg5
20. Nxa7+ Kb8 21. Rb1 $1 21... Nb4 22. Qxd7 Rxd7 23. a3 $1 23... Bxg2+ 24. Kxg2
$14) 20. Kxg2 Qb7+ (20... Bxg5 $5) 21. Qf3 Bxg5 22. Qxb7+ 22... Kxb7 $17) 19...
b4 (19... Qd4 $5 20. Bxb7+ Kxb7 21. Qf3+ Kb8 22. Rb1 b4 23. Ne4 23... Qxc4 $13)
20. Nd5 $1 20... exd5 (20... Nb2 21. Ne7+ $1 21... Qxe7 22. fxe7 Rxd1+ 23. Rxd1
Nxd1 24. Bf6 $1 24... Rg8 25. Bxb7+ Kxb7 26. g4 $16) 21. Qxd3 dxc4 (21... Ba6
$5 22. Kg1 Bxc4 23. Qf3 $13) 22. Bxb7+ $1 (22. Qxd7+ Rxd7 23. Bxb7+ Kxb7 24.
Kg2 (24. f4 24... Bxf4 $17) 24... c3 $17) (22. Qxc4 Bxg2+ (22... Qd1+ 23. Rxd1
Rxd1+ 24. Ke2 24... Rd2+ $11) 23. Kxg2 Qc6+ 24. Kg1 Rd4 25. Qf7 25... Rhd8 $40)
22... Qxb7 23. Qf5+ Kb8 24. Rg1 $1 {g4} (24. f3 24... Rd3 $40) 24... Bd2 $5 (
24... Rd5 25. Qe6 (25. Qf3 $5) 25... c3 26. f7 Qb5+ 27. Kg2 27... Qb7 $11) 25.
f7 (25. Qxc5 25... Qe4 $44) 25... Rc8 (25... Rdf8 $6 26. Qxc5 (26. Bf6 Rxh2 27.
Qe5+ Ka8 28. Qe8+ 28... Qc8 $11) 26... Bc3 27. Rd1 Qxf7 28. Qd6+ Ka8 29. Qd5+
Qxd5 30. Rxd5 $14) 26. Qe5+ $6 (26. Qe6 c3 27. Be7 $13) 26... Ka8 27. Be7 $2 (
27. Qe6 $1 27... c3 28. Be7 c2 (28... Qf3 $5) 29. f8=Q Rhxf8 30. Bxf8 Rxf8 31.
Qd6 Qb5+ 32. Kg2 Qb7+ 33. Kf1 $11) 27... Bc3 $19 28. Qd6 Bxa1 29. f8=Q Rhxf8
30. Bxf8 b3 0-1

[Event "Linares"]
[Site "Linares"]
[Date "1994.??.??"]
[Round "?"]
[White "Beliavsky, Alexander G"]
[Black "Ivanchuk, Vassily"]
[Result "0-1"]
[WhiteElo "2650"]
[BlackElo "2710"]
[Annotator "Ivanchuk,V; Kaplun,L"]
[PlyCount "76"]
[EventDate "1994.??.??"]

{60/369} 1. d4 1... d5 2. c4 c6 3. Nf3 Nf6 4. Nc3 dxc4 5. a4 Bf5 6. e3 e6 7.
Bxc4 (7. a5 {- 60/(369)}) 7... Bb4 8. O-O Nbd7 9. Qe2 Bg4 10. h3 Bxf3 11. Qxf3
O-O 12. Rd1 Qa5 13. Bf1 {N} (13. e4 {- 32/473, D 19}) 13... Rfd8 (13... Bxc3 $6
14. bxc3 Qxc3 15. Rb1 $44) (13... Rfe8 $5) 14. g4 (14. Ne4) (14. Bd2) 14...
Rac8 15. Bg2 Nd5 16. Ne4 e5 17. Ng5 $6 (17. Nd2 $5) (17. Ng3) 17... N5f6 18. h4
(18. Nxf7 Kxf7 19. g5 Kg8 20. gxf6 20... Nxf6 $15) 18... Re8 19. Nh3 Re7 20. g5
20... e4 $1 (20... Nd5 21. e4 N5b6 22. dxe5 (22. d5 $6 22... cxd5 23. exd5
23... Nc4 {Nd6}) 22... Nxe5 23. Qg3 $13) 21. Qg3 $2 (21. Qe2 $8 21... Nd5 22.
f3 exf3 23. Bxf3 Rce8 24. e4 c5 25. Qg2 N5b6 26. d5 26... Ne5 $15) 21... Nd5
$17 22. h5 f5 23. gxf6 (23. Nf4 Bd6 24. Nxd5 Qxd5 25. Qh4 c5) 23... N5xf6 24.
h6 24... Kh8 $1 $40 (24... Qh5 {Qh6}) 25. Qh4 Rg8 26. b3 gxh6 27. Nf4 $8 27...
Reg7 28. Kh1 Bd6 29. Bh3 Bxf4 30. exf4 30... e3 $1 $19 31. d5 e2 32. Bb2 32...
exd1=Q+ $2 (32... e1=Q+ 33. Rxe1 Qxd5+) 33. Rxd1 Qb4 34. Bxf6 Nxf6 35. Qxf6
Qxb3 36. Bg4 h5 37. dxc6 hxg4 38. Rd8 bxc6 0-1